00000000nam 2200000zi 4500
0019.939545
003CaOODSP
00520250109130138
006m     o  d f      
007cr mn|||||||||
008240619s1982    onca    ob   f000 0 eng d
040 |aCaOODSP|beng|erda|cCaOODSP
0861 |aCo26-29/1982E-PDF
1001 |aCarey, Tom, |eauthor.
24510|aUser interface components for office communications systems / |cprepared for the Office Communications Systems Program of the Department of Communication by Dr. Tom Carey.
264 1|a[Ottawa] : |bOffice Communications Systems Program = Programme de la bureautique, |c1982.
300 |a1 online resource (120 pages) : |billustrations
336 |atext|btxt|2rdacontent
337 |acomputer|bc|2rdamedia
338 |aonline resource|bcr|2rdacarrier
500 |aIssued also in French under title: Composantes de l'interface d'utilisateur dans les systèmes de bureautique.
500 |aDigitized edition from print [produced by Innovation, Science and Economic Development Canada].
504 |aIncludes bibliographical references (pages 115-120).
650 0|aUser interfaces (Computer systems)
650 0|aOffice information systems.
7101 |aCanada. |bDepartment of Communications, |eissuing body.
77508|tComposantes de l'interface d'utilisateur dans les systèmes de bureautique / |w(CaOODSP)9.946667
85640|qPDF|s1.69 MB|uhttps://publications.gc.ca/collections/collection_2025/isde-ised/co26/Co26-29-1982-eng.pdf